000 01237nam a22001817a 4500
003 OSt
008 230506b |||||||| |||| 00| 0 eng d
041 _aMAL
082 _a920
_bRAM/KU
100 _aRamachandran, N
_aരാമചന്ദ്രൻ , എൻ
_95422
245 _aKUTTANWESHANATHINTE KANAPPURANGAL
_bകുറ്റാന്വഷണത്തിന്റെ കാണാപ്പുറങ്ങൾ
250 _a6
260 _aKottayam
_bDCBOOKS
_c2022
300 _a287
500 _amemoir
520 _aകുറ്റകൃത്യങ്ങളുടെ അന്വേഷണച്ചുമതല നിര്‍വ്വഹിച്ച് പരിചയസമ്പന്നനായ ഒരു ഉയര്‍ന്ന പോലീസ് ഉദ്യേഗസ്ഥന്‍ ഔദ്യോഗികജീവിതത്തില്‍നിന്നും വിരമിച്ചതിനുശേഷം തന്റെ ഓര്‍മ്മയില്‍ തങ്ങിനില്‍ക്കുന്ന പ്രധാനപ്പെട്ടതും അസാധാരണവുമായ അനുഭവകഥകള്‍ തുറന്നെഴുതുന്ന പുസ്തകം.
942 _cBK
999 _c17660
_d17660